Famous Tottenham Fans - Statistics

General Stats
  • This quiz has been taken 57 times
  • The average score is 8 of 20
Answer Stats
Name % Correct
Singer, "Rolling in the Deep" "Someone Like You" "Hello" Adele
94%
Author of "Harry Potter" J. K. Rowling
73%
Jamaican reggae legend Bob Marley
71%
Singer and drummer, "In the Air Tonight" "You'll Be in My Heart" "Another Day in Paradise" Phil Collins
63%
Actor best known for his role as Spider-Man in the Marvel Cinematic Universe Tom Holland
63%
Actor best known for his role as Ron Weasley in "Harry Potter" Rupert Grint
56%
Singer and former member of the Spice Girls Emma Bunton
48%
American actor, "The Departed" "Ted" "Daddy's Home" Mark Wahlberg
46%
Canadian actor who is known for his portrayal of James T. Kirk in "Star Trek" William Shatner
44%
American actor who rose to prominence for his role as Troy Bolton in "High School Musical" Zac Efron
44%
Actor, "Sherlock Holmes" "Fantastic Beasts" "The Talented Mr. Ripley" Jude Law
38%
Novelist, "The Satanic Verses" Salman Rushdie
38%
American actor, "Goodfellas" "Field of Dreams" Ray Liotta
35%
Canadian former basketball player who was a two-time NBA MVP while playing for the Phoenix Suns Steve Nash
29%
Actor and director who has directed and starred in several film adaptations of William Shakespeare's plays Kenneth Branagh
23%
Actor who is best known for his role as Alf Garnett in "Till Death Us Do Part" Warren Mitchell
21%
Writer best known for his Inspector Rebus novels Ian Rankin
13%
Most successful Norwegian author of all time known primarily for his crime novels featuring Inspector Harry Hole Jo Nesbo
13%
Colombian novelist who was awarded the 1982 Nobel Prize in Literature Gabriel Garcia Marquez
12%
Swedish ice hockey legend, nicknamed "Foppa" Peter Forsberg
12%
No matching quizzes found
Score Distribution
Percent of People with Each Score
Percentile by Number Answered
Your Score History
You have not taken this quiz